[Event "Chennai WinTV op 1st"]
[Site "Chennai"]
[Date "2004.01.28"]
[Round "9"]
[White "Arun Prasad, Subramanian"]
[Black "Ram, Mohan Reddy V"]
[Result "1-0"]
[WhiteElo "2292"]
[BlackElo "2000"]
[PlyCount "133"]
[EventDate "2004.01.21"]
[EventType "swiss"]
[EventRounds "13"]
[EventCountry "IND"]
[SourceTitle "CBM 098 Extra"]
[Source "ChessBase"]
[SourceDate "2004.03.10"]
[SourceVersion "2"]
[SourceVersionDate "2004.03.10"]
[SourceQuality "1"]

1. c4 e5 2. Nc3 f5 3. g3 Nf6 4. Bg2 Be7 5. d3 0-0 6. Nf3 d6 7. Rb1 a5 8. a3 c5 9. 0-0 Nc6 10. Bg5 Be6 11. Nd2 h6 12. Bxf6 Bxf6 13. Nd5 Bxd5 14. Bxd5+ Kh8 15. e3 Rb8 16. Bg2 Ne7 17. Qa4 Qc7 18. Rfc1 Ra8 19. Rc2 Rf7 20. b4 cxb4 21. axb4 Nc6 22. b5 Nd8 23. b6 Qd7 24. Ra2 Ne6 25. Nb3 Nc5 26. Qxd7 Rxd7 27. Rxa5 Rxa5 28. Nxa5 Kg8 29. Bd5+ Kf8 30. Kf1 Ke7 31. Ke2 Kd8 32. Kd2 Kc8 33. Nb3 Nxb3+ 34. Rxb3 Re7 35. Rb5 g6 36. Kc2 Rg7 37. c5 dxc5 38. Rxc5+ Kd8 39. Kb3 Rd7 40. Kc4 Be7 41. Rb5 Ke8 42. Bg2 Bd8 43. Rxe5+ Kf7 44. Rd5 Ke6 45. Rxd7 Kxd7 46. Kb5 Kc8 47. Bd5 Kb8 48. Be6 Be7 49. h4 Bf6 50. Kc4 Bd8 51. Kc5 Be7+ 52. Kb5 Bf6 53. d4 f4 54. Kc5 Be7+ 55. Kc4 fxg3 56. fxg3 Bd8 57. Kb5 g5 58. h5 g4 59. Bxg4 Bg5 60. e4 Be3 61. Kc5 Bf2 62. e5 Bxg3 63. e6 Bh4 64. Kd6 Bg3+ 65. Kd7 Bh4 66. e7 Bxe7 67. Kxe7 1-0

[Event "Chennai WinTV op 1st"]
[Site "Chennai"]
[Date "2004.01.24"]
[Round "5"]
[White "Vinoth Kumar, Madavan"]
[Black "Ram, Mohan Reddy V"]
[Result "1-0"]
[WhiteElo "2155"]
[BlackElo "2000"]
[PlyCount "135"]
[EventDate "2004.01.21"]
[EventType "swiss"]
[EventRounds "13"]
[EventCountry "IND"]
[SourceTitle "CBM 098 Extra"]
[Source "ChessBase"]
[SourceDate "2004.03.10"]
[SourceVersion "2"]
[SourceVersionDate "2004.03.10"]
[SourceQuality "1"]

1. g3 d5 2. Bg2 c5 3. d3 Nc6 4. Nd2 Nf6 5. e4 e6 6. Nh3 Be7 7. 0-0 0-0 8. f4 b5 9. g4 Bb7 10. c3 Rb8 11. g5 Ne8 12. e5 a5 13. Nf2 Kh8 14. Qh5 g6 15. Qh3 Rg8 16. Ng4 Ng7 17. Rf3 Nf5 18. Nf6 Rg7 19. Qg4 d4 20. Rh3 dxc3 21. bxc3 Bf8 22. Nde4 c4 23. Nd6 Bxd6 24. exd6 Qxd6 25. Ne4 Qe7 26. dxc4 bxc4 27. a4 e5 28. Ba3 Qc7 29. Re1 exf4 30. Nf6 f3 31. Qxf3 Ne5 32. Qf4 Qb6+ 33. Kh1 Bxg2+ 34. Kxg2 Nd3 35. Rxd3 cxd3 36. Qe5 d2 37. Ra1 Ne3+ 38. Kg3 d1Q 39. Rxd1 Nxd1 40. Bc5 Qb1 41. Ne8 Qd3+ 42. Kh4 f6 43. Qxb8 fxg5+ 44. Kxg5 Qf5+ 45. Kh4 g5+ 46. Kg3 Qd3+ 47. Kg2 Qe2+ 48. Kg1 Qg4+ 49. Kh1 Qe4+ 50. Kg1 Rb7 51. Qg3 Rf7 52. Bd4+ Kg8 53. Nf6+ Rxf6 54. Bxf6 g4 55. Bd4 Qe2 56. Qb8+ Kf7 57. Qb7+ Kg6 58. Qg7+ Kf5 59. Qxh7+ Kf4 60. Qf7+ Ke4 61. Qe6+ Kd3 62. Qxe2+ Kxe2 63. c4 Kd3 64. c5 Kxd4 65. c6 Nc3 66. c7 Nxa4 67. c8Q Nc3 68. Qxg4+ 1-0